[Event "Florianopolis op 10th"]
[Site "Florianopolis"]
[Date "2024.01.21"]
[Round "2"]
[White "Gomes, Maria Eduarda Papin"]
[Black "Bortoloso, Moacir Canella"]
[Result "0-1"]
[WhiteElo "1744"]
[BlackElo "2033"]
[PlyCount "48"]
[EventDate "2024.01.20"]
[EventType "swiss"]
[EventRounds "10"]
[EventCountry "BRA"]
[SourceTitle "CB05_2024"]
[SourceDate "2024.01.31"]
[SourceVersion "1"]
[SourceVersionDate "2024.01.31"]
[SourceQuality "1"]

1. d4 Nf6 2. c4 g6 3. Nc3 Bg7 4. e4 e6 5. f3 0-0 6. Be3 Nc6 7. Qd2 e5 8. d5 Nd4 9. Bxd4 exd4 10. Nb5 c5 11. dxc6 bxc6 12. Nxd4 Qb6 13. Nge2 Ba6 14. Rc1 Rab8 15. b3 Rfe8 16. g3 d5 17. c5 Qc7 18. exd5 Nxd5 19. Kf2 Rbd8 20. b4 Ne3 21. Re1 Nf5 22. a4 Bxe2 23. Bxe2 Bxd4+ 24. Kg2 Ne3+ 0-1

[Event "BRA-ch U26 (Women)"]
[Site "Joinville"]
[Date "2023.10.13"]
[Round "6"]
[White "Nunes, Agatha Hurba"]
[Black "Gomes, Maria Eduarda Papin"]
[Result "1-0"]
[WhiteElo "1837"]
[BlackElo "1744"]
[PlyCount "56"]
[EventDate "2023.10.09"]
[EventType "swiss"]
[EventRounds "6"]
[EventCountry "BRA"]
[SourceTitle "Mega2024 Update 01"]
[Source "Chessbase"]
[SourceDate "2023.11.12"]
[SourceVersion "1"]
[SourceVersionDate "2023.11.12"]
[SourceQuality "1"]

1. d4 d5 2. c4 e5 3. dxe5 d4 4. Nf3 Nc6 5. g3 Nge7 6. Bg2 Ng6 7. Bg5 Qd7 8. 0-0 h6 9. Bc1 Ngxe5 10. b3 Bc5 11. Bb2 Nxf3+ 12. Bxf3 0-0 13. Nd2 a5 14. Ne4 Ba7 15. a3 f5 16. Nd2 f4 17. Bd5+ Kh8 18. Nf3 fxg3 19. hxg3 Qg4 20. Nh4 Ne7 21. Bf3 Qd7 22. Qd2 Qd6 23. b4 Bh3 24. c5 Bxc5 25. bxc5 Qxc5 26. Rfc1 Qd6 27. Qxd4 Qxd4 28. Bxd4 c6 1-0

[Event "BRA-ch U26 (Women)"]
[Site "Joinville"]
[Date "2023.10.12"]
[Round "5"]
[White "Gomes, Maria Eduarda Papin"]
[Black "De Freitas, Isabella Ribeiro Co"]
[Result "0-1"]
[WhiteElo "1744"]
[BlackElo "1867"]
[PlyCount "92"]
[EventDate "2023.10.09"]
[EventType "swiss"]
[EventRounds "6"]
[EventCountry "BRA"]
[SourceTitle "Mega2024 Update 01"]
[Source "Chessbase"]
[SourceDate "2023.11.12"]
[SourceVersion "1"]
[SourceVersionDate "2023.11.12"]
[SourceQuality "1"]

1. d4 d5 2. c4 dxc4 3. Nf3 Nf6 4. e3 e6 5. Bxc4 c5 6. 0-0 Nc6 7. Nc3 cxd4 8. exd4 Be7 9. Re1 0-0 10. a3 Nd5 11. Ne4 Nf6 12. Nxf6+ Bxf6 13. Be3 b6 14. Bb3 Bb7 15. Bc2 Qd5 16. Qd3 g6 17. Rad1 Rfd8 18. Bb3 Qh5 19. Rc1 Ne5 20. Nxe5 Bxe5 21. f4 Qg4 22. Qf1 Bxd4 23. Bd1 Qf5 24. Rc7 Bxe3+ 25. Rxe3 Ba6 26. Bc2 Bxf1 27. Bxf5 Rd1 28. Bc2 Rc1 29. Kf2 Rd8 30. Re1 Rd2+ 31. Kxf1 Rcxc2 32. Rxc2 Rxc2 33. Re2 Rxe2 34. Kxe2 Kf8 35. g4 h6 36. Kd3 Ke7 37. Ke4 Kd6 38. h4 f6 39. Kd4 a6 40. b3 a5 41. a4 e5+ 42. Ke4 Ke6 43. g5 hxg5 44. fxg5 fxg5 45. hxg5 Kd6 46. Kd3 Kd5 0-1

[Event "BRA-ch U26 (Women)"]
[Site "Joinville"]
[Date "2023.10.10"]
[Round "2"]
[White "Gomes, Maria Eduarda Papin"]
[Black "Ramalho, Maria Ruthiane Basi"]
[Result "1-0"]
[WhiteElo "1744"]
[BlackElo "1226"]
[PlyCount "59"]
[EventDate "2023.10.09"]
[EventType "swiss"]
[EventRounds "6"]
[EventCountry "BRA"]
[SourceTitle "Mega2024 Update 01"]
[Source "Chessbase"]
[SourceDate "2023.11.12"]
[SourceVersion "1"]
[SourceVersionDate "2023.11.12"]
[SourceQuality "1"]

1. d4 d5 2. c4 e6 3. Nc3 Nf6 4. cxd5 exd5 5. Bg5 Be7 6. e3 0-0 7. Bd3 h6 8. Bh4 c6 9. Nge2 Nbd7 10. f3 Nh5 11. Bf2 Re8 12. 0-0 Nf8 13. e4 dxe4 14. fxe4 Bg4 15. Qb3 Ne6 16. Qxb7 Bxe2 17. Bxe2 Nhf4 18. Be3 g5 19. Rad1 Bf6 20. e5 Be7 21. Qxc6 Rb8 22. d5 Rxb2 23. dxe6 Qc8 24. exf7+ Kxf7 25. Bh5+ Kg7 26. Bxe8 Rxg2+ 27. Kh1 Qh3 28. Bxf4 Rc2 29. Qg6+ Kf8 30. Qf7# 1-0

[Event "Caioba op 7th"]
[Site "Caioba"]
[Date "2023.06.20"]
[Round "4"]
[White "Gomes, Maria Eduarda Papin"]
[Black "Ferreira de Souza, Ricardo"]
[Result "1-0"]
[WhiteElo "1689"]
[BlackElo "1374"]
[PlyCount "61"]
[EventDate "2023.06.18"]
[EventType "swiss"]
[EventRounds "9"]
[EventCountry "BRA"]
[SourceTitle "CBM 214 Extra"]
[Source "ChessBase"]
[SourceDate "2023.07.31"]
[SourceVersion "1"]
[SourceVersionDate "2023.07.31"]
[SourceQuality "1"]

1. d4 d5 2. c4 Nc6 3. Nf3 f5 4. cxd5 Qxd5 5. Nc3 Qd8 6. Bf4 e6 7. e3 Bb4 8. Bc4 Nf6 9. 0-0 0-0 10. Qc2 Bxc3 11. bxc3 Ne4 12. h3 b6 13. Bd3 Bb7 14. Bxe4 fxe4 15. Qxe4 Qf6 16. Ng5 Qg6 17. Qxg6 hxg6 18. Nxe6 Rf7 19. Nxc7 Rc8 20. Nb5 Ba6 21. Nd6 Rxf4 22. Nxc8 Rf8 23. Nd6 Bxf1 24. Kxf1 Na5 25. e4 g5 26. e5 Nc6 27. Re1 Rf4 28. Nb5 a5 29. d5 Nd8 30. e6 Nb7 31. e7 1-0

[Event "Caioba op 7th"]
[Site "Caioba"]
[Date "2023.06.19"]
[Round "3"]
[White "Ermel, Francisco Roberto"]
[Black "Gomes, Maria Eduarda Papin"]
[Result "1-0"]
[WhiteElo "2060"]
[BlackElo "1689"]
[PlyCount "87"]
[EventDate "2023.06.18"]
[EventType "swiss"]
[EventRounds "9"]
[EventCountry "BRA"]
[SourceTitle "CBM 214 Extra"]
[Source "ChessBase"]
[SourceDate "2023.07.31"]
[SourceVersion "1"]
[SourceVersionDate "2023.07.31"]
[SourceQuality "1"]

1. e4 d5 2. exd5 Qxd5 3. Nc3 Qa5 4. Bc4 Nf6 5. d4 c6 6. Nf3 Bf5 7. Qe2 e6 8. 0-0 Bd6 9. h3 0-0 10. Nh4 Bg6 11. Nxg6 hxg6 12. Ne4 Nxe4 13. Qxe4 Qc7 14. Bg5 Nd7 15. Rfe1 Nb6 16. Bb3 a5 17. c3 Nd5 18. c4 Nf6 19. Qf3 Nh7 20. Bd2 Rfd8 21. Rad1 a4 22. Bc2 b5 23. Be4 Rac8 24. b3 axb3 25. axb3 bxc4 26. bxc4 c5 27. d5 e5 28. Bc2 Ra8 29. Ra1 f5 30. Bc3 e4 31. Qe2 Nf6 32. Ba4 Be5 33. Qb2 Bxc3 34. Qxc3 Nd7 35. Bxd7 Qxd7 36. Qe5 Re8 37. Qf4 Ra4 38. Rec1 Rea8 39. Rxa4 Rxa4 40. Qe5 Kf7 41. d6 Ra6 42. Rd1 Rc6 43. Qd5+ Kf8 44. Qxc6 1-0

[Event "Florianopolis op 9th"]
[Site "Florianopolis"]
[Date "2023.01.26"]
[Round "6"]
[White "Cardozo, Matheus Santos"]
[Black "Gomes, Maria Eduarda Papin"]
[Result "1-0"]
[WhiteElo "1856"]
[BlackElo "1664"]
[PlyCount "61"]
[EventDate "2023.01.23"]
[EventType "swiss"]
[EventRounds "10"]
[EventCountry "BRA"]
[SourceTitle "CBM 212 Extra"]
[Source "ChessBase"]
[SourceDate "2023.03.31"]
[SourceVersion "1"]
[SourceVersionDate "2023.03.31"]
[SourceQuality "1"]

1. d4 Nf6 2. Nf3 g6 3. g3 Bg7 4. Bg2 d6 5. 0-0 0-0 6. c4 Nfd7 7. Nc3 e5 8. b3 exd4 9. Ne4 d3 10. Rb1 dxe2 11. Qxe2 Re8 12. Re1 h6 13. Qd2 Nc6 14. Bb2 Bxb2 15. Qxb2 Nce5 16. Nxe5 Nxe5 17. f4 Nd7 18. Qd4 Re7 19. c5 Rxe4 20. Qxe4 Nxc5 21. Qe8+ Qxe8 22. Rxe8+ Kg7 23. Rbe1 c6 24. R1e7 Ne6 25. Bh3 Kf6 26. Bxe6 Bxe6 27. Rxe6+ fxe6 28. Rxa8 e5 29. fxe5+ Kxe5 30. Rxa7 b5 31. Kf2 1-0

[Event "Timbo U2200 op 2nd"]
[Site "Timbo"]
[Date "2022.08.13"]
[Round "3"]
[White "Gomes, Maria Eduarda Papin"]
[Black "Borges, Leonardo Fernandes"]
[Result "0-1"]
[WhiteElo "1634"]
[BlackElo "1850"]
[PlyCount "46"]
[EventDate "2022.08.12"]
[EventType "swiss"]
[EventRounds "6"]
[EventCountry "BRA"]
[SourceTitle "EXT 2024"]
[Source "ChessBase"]
[SourceDate "2023.10.10"]
[SourceVersion "1"]
[SourceVersionDate "2023.10.10"]
[SourceQuality "1"]

1. d4 Nf6 2. c4 e6 3. Nc3 d5 4. cxd5 exd5 5. Bg5 Be7 6. e3 c6 7. Bd3 h6 8. Bh4 0-0 9. Nge2 Ne4 10. Bxe7 Qxe7 11. 0-0 f5 12. Qc2 Nd7 13. Rab1 Ndf6 14. b4 a6 15. Na4 Nh5 16. Nc5 Rf6 17. a4 Rg6 18. Ng3 Nhxg3 19. hxg3 h5 20. Bxe4 fxe4 21. f3 Rxg3 22. Qf2 Qg5 23. fxe4 Bh3 0-1

[Event "Florianopolis Winter op 6th"]
[Site "Florianopolis"]
[Date "2022.07.17"]
[Round "9"]
[White "Gomes, Maria Eduarda Papin"]
[Black "Montanu, Dan Vladimir"]
[Result "0-1"]
[WhiteElo "1607"]
[BlackElo "1938"]
[PlyCount "98"]
[EventDate "2022.07.13"]
[EventType "swiss"]
[EventRounds "9"]
[EventCountry "BRA"]
[SourceTitle "CBM 209 Extra"]
[Source "ChessBase"]
[SourceDate "2022.09.30"]
[SourceVersion "1"]
[SourceVersionDate "2022.09.30"]
[SourceQuality "1"]

1. d4 d5 2. c4 e6 3. Nc3 c6 4. Nf3 dxc4 5. e3 b5 6. a4 Bb4 7. Bd2 a5 8. Be2 Qb6 9. 0-0 Bb7 10. Ne4 Be7 11. Qe1 Nd7 12. Ng3 b4 13. Bxc4 Ngf6 14. Qe2 0-0 15. Rac1 c5 16. dxc5 Nxc5 17. b3 Nfe4 18. Nxe4 Nxe4 19. Rfd1 Bf6 20. Nd4 Rfd8 21. Nb5 Nd6 22. Nxd6 Rxd6 23. e4 Rad8 24. Be3 Bd4 25. Bxd4 Rxd4 26. Rxd4 Qxd4 27. e5 Be4 28. Kf1 g6 29. f3 Bd3 30. Bxd3 Qxd3 31. Qxd3 Rxd3 32. Rb1 g5 33. Kf2 h5 34. Rb2 Kg7 35. g4 hxg4 36. fxg4 Rh3 37. Rb1 Rxh2+ 38. Kf3 Rh3+ 39. Kf2 f5 40. exf6+ Kxf6 41. Kg2 Re3 42. Kf2 Rc3 43. Rb2 Ke5 44. Re2+ Kf4 45. Rxe6 Rxb3 46. Ra6 Rb2+ 47. Ke1 Kxg4 48. Rxa5 Kf4 49. Rb5 g4 0-1

[Event "Florianopolis Winter op 6th"]
[Site "Florianopolis"]
[Date "2022.07.16"]
[Round "8"]
[White "Peroza, Eduardo Antunes"]
[Black "Gomes, Maria Eduarda Papin"]
[Result "1-0"]
[WhiteElo "2101"]
[BlackElo "1607"]
[PlyCount "111"]
[EventDate "2022.07.13"]
[EventType "swiss"]
[EventRounds "9"]
[EventCountry "BRA"]
[SourceTitle "CBM 209 Extra"]
[Source "ChessBase"]
[SourceDate "2022.09.30"]
[SourceVersion "1"]
[SourceVersionDate "2022.09.30"]
[SourceQuality "1"]

1. e4 d5 2. exd5 Qxd5 3. Nc3 Qa5 4. d4 c6 5. Bc4 Bf5 6. Nge2 Nf6 7. 0-0 e6 8. Bd2 Qc7 9. Ng3 Bg6 10. Bg5 Nbd7 11. Qe2 Bd6 12. Bb3 0-0 13. Rae1 h6 14. Bd2 Nb6 15. Kh1 Nbd5 16. Nce4 Nxe4 17. Nxe4 Bf4 18. Bxf4 Qxf4 19. f3 Rfd8 20. c3 Qc7 21. g3 Rac8 22. Nf2 c5 23. dxc5 Qxc5 24. Ne4 Qc7 25. Nf2 Nb6 26. Kg2 Nc4 27. Bxc4 Qxc4 28. Qxc4 Rxc4 29. Rd1 Rcc8 30. Rxd8+ Rxd8 31. Rd1 Rxd1 32. Nxd1 Kf8 33. Kf2 Ke7 34. Ke3 Kd6 35. f4 Kd5 36. b3 Bc2 37. Nb2 Bb1 38. c4+ Kc5 39. a3 Bc2 40. b4+ Kc6 41. Kd4 f6 42. Kc3 Bf5 43. Kd4 Bc2 44. b5+ Kb6 45. Kc3 Bf5 46. Kb4 e5 47. c5+ Kc7 48. fxe5 fxe5 49. Nc4 e4 50. Kc3 a6 51. b6+ Kc6 52. Kd4 e3 53. a4 Kd7 54. Nxe3 Bh3 55. g4 Ke6 56. c6 1-0

[Event "Florianopolis Winter op 6th"]
[Site "Florianopolis"]
[Date "2022.07.13"]
[Round "2"]
[White "Desideri, Enzo Piuchi"]
[Black "Gomes, Maria Eduarda Papin"]
[Result "0-1"]
[WhiteElo "1800"]
[BlackElo "1607"]
[PlyCount "66"]
[EventDate "2022.07.13"]
[EventType "swiss"]
[EventRounds "9"]
[EventCountry "BRA"]
[SourceTitle "CBM 209 Extra"]
[Source "ChessBase"]
[SourceDate "2022.09.30"]
[SourceVersion "1"]
[SourceVersionDate "2022.09.30"]
[SourceQuality "1"]

1. e4 d5 2. exd5 Qxd5 3. Nc3 Qa5 4. d4 c6 5. Nf3 Nf6 6. Bd3 Bg4 7. 0-0 e6 8. Bd2 Qc7 9. Re1 Bd6 10. g3 0-0 11. Qe2 Nbd7 12. Ne4 Nxe4 13. Qxe4 Nf6 14. Qe3 Rfd8 15. Ng5 h6 16. Nh7 Nxh7 17. Bxh7+ Kxh7 18. Qe4+ Bf5 19. Qe3 Bxc2 20. Rac1 Bg6 21. Qf3 Qb6 22. Be3 Qxb2 23. Re2 Qb5 24. h4 Qd5 25. Qxd5 cxd5 26. g4 Rac8 27. Rd1 h5 28. f3 hxg4 29. fxg4 Be4 30. Kf2 Rc7 31. Ke1 Bf3 32. Kd2 Bb4+ 33. Kd3 Be4# 0-1

[Event "Florianopolis Autumn op U1800"]
[Site "Florianopolis"]
[Date "2022.05.15"]
[Round "6"]
[White "Da Costa, Mariana Nara Santan"]
[Black "Gomes, Maria Eduarda Papin"]
[Result "0-1"]
[WhiteElo "1381"]
[BlackElo "1618"]
[PlyCount "114"]
[EventDate "2022.05.13"]
[EventType "swiss"]
[EventRounds "6"]
[EventCountry "BRA"]
[SourceTitle "CBM 208 Extra"]
[Source "ChessBase"]
[SourceDate "2022.07.31"]
[SourceVersion "1"]
[SourceVersionDate "2022.07.31"]
[SourceQuality "1"]

1. d4 Nf6 2. c4 g6 3. Nc3 Bg7 4. Nf3 d6 5. Bg5 0-0 6. e3 h6 7. Bf4 Nbd7 8. Be2 Nh5 9. Bg3 e5 10. 0-0 Kh7 11. Qc2 f5 12. dxe5 dxe5 13. Rad1 Qe7 14. Nb5 c6 15. Nc3 Qf7 16. Nd2 Nxg3 17. hxg3 e4 18. g4 Ne5 19. gxf5 gxf5 20. Rfe1 Be6 21. b3 Rg8 22. Nf1 Bf6 23. Ng3 Bh4 24. Ncxe4 fxe4 25. Qxe4+ Ng6 26. Rd6 Raf8 27. Rf1 Bf5 28. Qd4 Bxg3 29. fxg3 Qg7 30. Qxa7 Nh4 31. g4 Qe5 32. Qd4 Qg3 33. Bf3 Rxg4 34. Rd7+ Bxd7 35. Qxd7+ Kh8 36. Qxg4 Nxf3+ 37. Rxf3 Qxg4 38. Rxf8+ Kg7 39. Rb8 Qd7 40. Kf2 Qd2+ 41. Kf3 Qxa2 42. Rxb7+ Kg6 43. Rb6 Kf5 44. Rxc6 Qa8 45. e4+ Ke5 46. Rc5+ Kd4 47. Rd5+ Kc3 48. Rb5 Qf8+ 49. Kg3 Qg7+ 50. Kh3 Qg6 51. e5 h5 52. Kh2 h4 53. Kh1 Kd4 54. Rd5+ Ke3 55. Rd6 Qg5 56. e6 Kf2 57. g4 hxg3 0-1

[Event "Florianopolis Autumn op U1800"]
[Site "Florianopolis"]
[Date "2022.05.14"]
[Round "2"]
[White "Hirano, Enzo Erich Kreutz"]
[Black "Gomes, Maria Eduarda Papin"]
[Result "1-0"]
[WhiteElo "1720"]
[BlackElo "1618"]
[PlyCount "113"]
[EventDate "2022.05.13"]
[EventType "swiss"]
[EventRounds "6"]
[EventCountry "BRA"]
[SourceTitle "CBM 208 Extra"]
[Source "ChessBase"]
[SourceDate "2022.07.31"]
[SourceVersion "1"]
[SourceVersionDate "2022.07.31"]
[SourceQuality "1"]

1. e4 d5 2. exd5 Qxd5 3. Nc3 Qa5 4. d4 c6 5. Nf3 Nf6 6. Bd3 Bg4 7. h3 Bh5 8. Bd2 e6 9. g4 Bg6 10. Qe2 Bb4 11. a3 Nbd7 12. 0-0-0 Bxc3 13. Bxc3 Qc7 14. Ne5 Bxd3 15. Rxd3 Nxe5 16. dxe5 Nd5 17. Bd2 0-0-0 18. Bg5 Rd7 19. Rhd1 h6 20. Bd2 Rhd8 21. f4 c5 22. c4 Ne7 23. Be3 Rxd3 24. Rxd3 Rxd3 25. Qxd3 g6 26. Qd6 b6 27. Qxc7+ Kxc7 28. Kc2 h5 29. Kd3 hxg4 30. hxg4 Ng8 31. Ke4 Nh6 32. Kf3 Ng8 33. Kg3 Ne7 34. b4 cxb4 35. axb4 Nc6 36. b5 Na5 37. c5 Nc4 38. cxb6+ axb6 39. Bc1 Kd7 40. Kh4 Ke8 41. Kg5 Ke7 42. Kh6 f6 43. Kxg6 fxe5 44. f5 e4 45. f6+ Kd8 46. f7 Ne5+ 47. Kf6 Nd7+ 48. Kg7 Ke7 49. Bg5+ Kd6 50. f8Q+ Nxf8 51. Kxf8 Kc5 52. Be3+ Kxb5 53. g5 Ka5 54. g6 b5 55. g7 b4 56. g8Q b3 57. Qg1 1-0

[Event "Florianopolis op 09"]
[Site "Florianopolis"]
[Date "2021.09.25"]
[Round "3"]
[White "Moyses Sobrinho, Elias"]
[Black "Gomes, Maria Eduarda Papin"]
[Result "1-0"]
[WhiteElo "1845"]
[BlackElo "1556"]
[PlyCount "53"]
[EventDate "2021.09.24"]
[EventType "swiss"]
[EventRounds "6"]
[EventCountry "BRA"]
[SourceTitle "EXT 2024"]
[Source "ChessBase"]
[SourceDate "2023.10.10"]
[SourceVersion "1"]
[SourceVersionDate "2023.10.10"]
[SourceQuality "1"]

1. e4 d5 2. exd5 Qxd5 3. Nc3 Qa5 4. d4 Bf5 5. Nf3 Nf6 6. Bd3 Bxd3 7. Qxd3 e6 8. Qb5+ Qxb5 9. Nxb5 Bd6 10. Nxd6+ cxd6 11. Bf4 Ke7 12. 0-0 Nc6 13. c3 d5 14. Rfe1 b5 15. Ne5 Rhc8 16. a4 bxa4 17. Rxa4 Nh5 18. Bg5+ f6 19. Nxc6+ Rxc6 20. Bd2 Rb6 21. g4 Rxb2 22. Be3 g6 23. gxh5 gxh5 24. Rea1 Rb7 25. Ra6 e5 26. dxe5 fxe5 27. Rxa7 1-0

[Event "Florianopolis op 09"]
[Site "Florianopolis"]
[Date "2021.09.24"]
[Round "1"]
[White "Das Chagas, David Ferreira"]
[Black "Gomes, Maria Eduarda Papin"]
[Result "0-1"]
[WhiteElo "1993"]
[BlackElo "1556"]
[PlyCount "100"]
[EventDate "2021.09.24"]
[EventType "swiss"]
[EventRounds "6"]
[EventCountry "BRA"]
[SourceTitle "EXT 2023"]
[Source "ChessBase"]
[SourceDate "2022.10.05"]
[SourceVersion "1"]
[SourceVersionDate "2022.10.05"]
[SourceQuality "1"]

1. e4 d5 2. exd5 Qxd5 3. Nc3 Qa5 4. Bc4 Bf5 5. d3 Nf6 6. Nge2 e6 7. Bd2 c6 8. h3 Qc7 9. g4 Bg6 10. Ng3 Bd6 11. Nge4 Nxe4 12. dxe4 Nd7 13. Qe2 0-0-0 14. 0-0-0 h5 15. Kb1 hxg4 16. hxg4 Bf4 17. Be3 Nf6 18. f3 Rxd1+ 19. Rxd1 Rh2 20. Bxf4 Qxf4 21. Qd3 Nd5 22. Bxd5 exd5 23. Nxd5 cxd5 24. Qxd5 Qc7 25. c3 Rf2 26. Qd4 Rxf3 27. Qxa7 Bxe4+ 28. Ka1 b6 29. Qa6+ Kb8 30. Qa4 Qc6 31. Qd4 Bc2 32. Qd8+ Kb7 33. Rc1 Rd3 34. Qe7+ Rd7 35. Qe2 Be4 36. b3 Bf3 37. Qe5 f6 38. Qe3 Bxg4 39. Kb2 Qd5 40. Rc2 Qd3 41. Qf4 Bf5 42. Rf2 Rd5 43. Rg2 g5 44. Qh2 Qb1+ 45. Ka3 Ra5+ 46. Kb4 Qe4+ 47. c4 Qe7+ 48. Kc3 Qe1+ 49. Kd4 Qa1+ 50. Ke3 Qc3+ 0-1